000
00331nam a2200145Ia 4500
005
20251222143147.0
008
251222s9999||||xx |||||||||||||| ||spa||
020
_a
9788417114725
082
_a
302/A55
100
_a
Alegre, Albert
245
0
_a
Fake News:
250
_a
1ra. ed.
264
_b
Plataforma Editorial
942
_c
LIB
999
_c
12547
_d
12547